| 000 | 00574nam a2200193Ia 4500 | ||
|---|---|---|---|
| 005 | 20260429112056.0 | ||
| 008 | 260429s9999||||xx |||||||||||||| ||und|| | ||
| 020 | _a9788126940240 | ||
| 041 | _aEnglish | ||
| 082 |
_a658.872 _bSOO |
||
| 100 | _aSood, Gaurav | ||
| 245 | 0 |
_aDigital marketing and advertising : _bpractical approach and industry practices / _cGaurav Sood |
|
| 250 | _a1st ed. | ||
| 260 |
_aNew Delhi : _bAtlantic Publishers and Distributors, _c2024. |
||
| 300 | _axii, 304 p.; hb | ||
| 650 | _a Advertising | ||
| 650 | _aDigital marketing | ||
| 942 | _cTB | ||
| 999 |
_c52222 _d52222 |
||